Statistics for North American Countries and Territories

Click here to take the quiz!

General Stats

  • This quiz has been taken 33 times
  • The average score is 33 of 45

Answer Stats

Answer% Correct
Canada
100%
Antigua and Barbuda
93%
Belize
93%
Costa Rica
93%
Cuba
93%
Grenada
93%
Haiti
93%
Honduras
93%
Trinidad and Tobago
93%
United States of America
93%
Barbados
87%
Dominica
87%
Dominican Republic
87%
Guatemala
87%
Mexico
87%
Nicaragua
87%
Panama
87%
Saint Lucia
87%
Saint Vincent and the Grenadines
87%
Aruba
80%
Curaçao
80%
El Salvador
80%
Jamaica
80%
Saint Kitts and Nevis
80%
The Bahamas
80%
British Virgin Islands
73%
Martinique
73%
Saint Martin
73%
U.S. Virgin Islands
73%
Anguilla
67%
Bermuda
67%
Bonaire
67%
Guadeloupe
67%
Puerto Rico
60%
Saint Pierre and Miquelon
60%
Sint Maarten
60%
Cayman Islands
53%
Greenland
53%
Saint Barthélemy
47%
Montserrat
40%
Saba
40%
Sint Eustatius
40%
Turks and Caicos Islands
40%
Clipperton Island
20%
Navassa Island
20%

Score Distribution

Percentile by Number Answered

Percent of People with Each Score

Your Score History

You have not taken this quiz